000 00722cam a22002413a 4500
001 8210
003 PGUSA
005 20140828083153.0
008 050601s2005||||xxu|||||s|||||000 | eng d
040 _aPGUSA
_beng
042 _adc
050 4 _aPR
100 1 _aColeridge, Samuel Taylor,
_d1772-1834
245 1 0 _aBiographia Epistolaris, Volume 1.
_h[electronic resource] /
_cSamuel Taylor Coleridge
260 _bProject Gutenberg,
_c2005
506 _aPublic domain in the USA.
516 _aElectronic text
653 _aColeridge, Samuel Taylor, 1772-1834 -- Correspondence
700 1 _aTurnbull, Arthur
830 0 _aProject Gutenberg
_v8210
856 4 0 _uhttp://www.gutenberg.org/ebooks/8210
942 _cEB
999 _c237510
_d237510